[Event "Olympiad, women"]
[Site "Bled SLO"]
[Date "2002.11.01"]
[EventDate "2002.10.26"]
[Round "7"]
[Result "0-1"]
[White "Iweta Radziewicz Rajlich"]
[Black "Antoaneta Stefanova"]
[WhiteElo "2421"]
[BlackElo "2541"]
[PlyCount "142"]

1. Nf3 d5 2. c4 d4 3. g3 Nc6 4. Bg2 e5 5. d3 Be7 6. O-O Nf6
7. b4 Bxb4 8. Nxe5 Nxe5 9. Qa4+ Nfd7 10. Qxb4 c5 11. Qa3 O-O
12. Nd2 a6 13. Rb1 Ra7 14. e3 dxe3 15. fxe3 Qc7 16. d4 cxd4
17. exd4 Nxc4 18. Nxc4 Qxc4 19. Qe3 Nf6 20. Qa3 Nd5 21. Qc5
Qxc5 22. dxc5 Be6 23. Bf4 Nxf4 24. gxf4 Rc8 25. Rfc1 Rc7
26. c6 bxc6 27. Rb8+ Rc8 28. Rxc8+ Bxc8 29. Rxc6 Bd7 30. Rb6
g6 31. Kf2 a5 32. Ke3 Kf8 33. Be4 Rc7 34. Kd4 Ke7 35. Ra6 a4
36. Ra5 Rc1 37. h4 Rd1+ 38. Ke3 Re1+ 39. Kd4 Re2 40. Ra7 Rxa2
41. Bc6 Rd2+ 42. Ke3 Rd6 43. Bxa4 Ke6 44. Bxd7+ Rxd7 45. f5+
gxf5 46. Ra6+ Rd6 47. Ra7 Kf6 48. Ra4 Kg6 49. Kf3 Re6 50. Ra7
Re4 51. Ra6+ f6 52. Kg3 Re3+ 53. Kg2 f4 54. Ra4 Kf5 55. h5
Rg3+ 56. Kf2 Rh3 57. Ra5+ Kg4 58. Ra6 f5 59. Ra7 Rh2+ 60. Kg1
Rxh5 61. Rg7+ Kf3 62. Rf7 Rg5+ 63. Kf1 h5 64. Rh7 Kg3 65. Kg1
f3 66. Ra7 h4 67. Ra2 h3 68. Rb2 Rg4 69. Ra2 Re4 70. Rg2+ Kh4
71. Rf2 Re1+ 0-1

[Event "Olympiad, women"]
[Site "Bled SLO"]
[Date "2002.11.02"]
[EventDate "2002.10.26"]
[Round "8"]
[Result "1/2-1/2"]
[White "Subbaraman Vijayalakshmi"]
[Black "Antoaneta Stefanova"]
[WhiteElo "2394"]
[BlackElo "2541"]
[PlyCount "126"]

1. d4 d5 2. c4 c6 3. e3 Nf6 4. Nf3 a6 5. Nc3 b5 6. c5 Bg4
7. h3 Bh5 8. g4 Bg6 9. Ne5 Nfd7 10. Nxg6 hxg6 11. e4 b4
12. Ne2 dxe4 13. Ng3 e5 14. Nxe4 exd4 15. Qxd4 Nxc5 16. Qxd8+
Kxd8 17. Ng5 Ke8 18. Bc4 f6 19. Nf7 Rh7 20. Bf4 Nd3+ 21. Bxd3
Kxf7 22. Bc4+ Ke8 23. Bd3 Kf7 24. h4 Rh8 25. h5 gxh5 26. gxh5
Nd7 27. Bg6+ Ke6 28. O-O-O Ne5 29. Rhe1 Bc5 30. Bg3 Rhd8
31. Rxd8 Rxd8 32. f4 Bd4 33. fxe5 fxe5 34. Rf1 Be3+ 35. Kb1
Rd2 36. Bf5+ Kd5 37. Bc2 Rg2 38. Be1 c5 39. Bb3+ Kd6 40. Bc4
Bd4 41. b3 Rb2+ 42. Kc1 Rxa2 43. Bd2 a5 44. Kd1 e4 45. Bf4+
Kc6 46. Re1 Ra1+ 47. Bc1 Kd6 48. Re2 Ke5 49. Bd3 e3 50. Bb5
Kf4 51. Rc2 Rb1 52. Ba4 Kf3 53. Bc6+ Kf4 54. Rc4 Rxb3 55. Ke2
Kg5 56. Bd5 a4 57. Bf7 Kf6 58. Bg8 Kg5 59. Bf7 Kf6 60. Rxd4
cxd4 61. Bxb3 axb3 62. Bb2 Kg5 63. Bxd4 Kxh5 1/2-1/2

[Event "Olympiad, women"]
[Site "Bled SLO"]
[Date "2002.11.05"]
[EventDate "2002.10.26"]
[Round "10"]
[Result "1/2-1/2"]
[White "Antoaneta Stefanova"]
[Black "Natalia Zhukova"]
[WhiteElo "2541"]
[BlackElo "2436"]
[PlyCount "32"]

1. Nf3 Nf6 2. g3 c5 3. Bg2 Nc6 4. d4 e6 5. c4 cxd4 6. Nxd4
Bb4+ 7. Nc3 O-O 8. O-O Ne5 9. Na4 d5 10. cxd5 Nxd5 11. Qb3 Qa5
12. a3 Be7 13. e4 Nf6 14. Rd1 Bd7 15. Nc3 Bc5 16. h3 Qb6
1/2-1/2

[Event "EU-ch 4th, Women"]
[Site "Istanbul, Turkey"]
[Date "2003.06.03"]
[EventDate "2003.06.02"]
[Round "2"]
[Result "1/2-1/2"]
[White "Nana Dzagnidze"]
[Black "Antoaneta Stefanova"]
[WhiteElo "2376"]
[BlackElo "2550"]
[PlyCount "201"]

1. d4 d5 2. Nf3 Nf6 3. Bg5 Ne4 4. Bf4 c5 5. e3 Qb6 6. Qc1 Nc6
7. c3 Bf5 8. Be2 Rc8 9. O-O h6 10. Nbd2 e6 11. Nxe4 Bxe4
12. Qd2 Be7 13. dxc5 Qxc5 14. b4 Qb6 15. a4 Bf6 16. Rfc1 O-O
17. a5 Qd8 18. Nd4 Ne5 19. a6 b6 20. Bxe5 Bxe5 21. b5 Qh4
22. f4 Bd6 23. Nc6 Rc7 24. Bd3 Bc5 25. g3 Qh5 26. Bxe4 dxe4
27. Re1 g5 28. Rad1 gxf4 29. gxf4 f6 30. Qe2 Rg7+ 31. Kh1 Qh3
32. Rg1 Rff7 33. Rde1 Kh7 34. Nd8 Rd7 35. Rxg7+ Rxg7 36. Qf1
Qxf1+ 37. Rxf1 Bxe3 38. Nxe6 Rg8 39. f5 Bd2 40. Rf2 e3 41. Re2
Rc8 42. Nd4 Rxc3 43. Nc6 Rc5 44. Nxa7 Rxf5 45. Kg2 Re5 46. Nc6
Re8 47. Kf3 Kg6 48. a7 Ra8 49. Rg2+ Kf7 50. Rg4 Bc3 51. Kxe3
Be5 52. h3 Ke6 53. Rg7 Kd5 54. Rb7 Kc5 55. Rb8 Rxa7 56. Nxe5
fxe5 57. Ke4 Ra3 58. Re8 Rxh3 59. Rxe5+ Kc4 60. Kf4 h5 61. Rf5
Rh1 62. Re5 Rf1+ 63. Kg3 Rb1 64. Rxh5 Rxb5 65. Rh4+ Kc3
66. Rh3 Rb1 67. Rh6 Kd3 68. Rd6+ Kc4 69. Kf2 b5 70. Ke2 b4
71. Kd2 Kb3 72. Rb6 Rh1 73. Rb8 Ka3 74. Kc2 Rh2+ 75. Kc1 Rh1+
76. Kc2 Rh2+ 77. Kc1 Kb3 78. Rb7 Rh1+ 79. Kd2 Rh4 80. Kc1 Rc4+
81. Kb1 Rg4 82. Kc1 Rg1+ 83. Kd2 Ka3 84. Kc2 Rg2+ 85. Kc1 Rg4
86. Kc2 Rc4+ 87. Kb1 Kb3 88. Re7 Rg4 89. Re1 Rg2 90. Rh1 Rg3
91. Rf1 Ka3 92. Rh1 b3 93. Rf1 Rg2 94. Rh1 Rb2+ 95. Ka1 Rd2
96. Kb1 Kb4 97. Rh4+ Kc3 98. Rh3+ Rd3 99. Rxd3+ Kxd3 100. Kb2
Kc4 101. Kb1 1/2-1/2

[Event "EU-ch 4th, Women"]
[Site "Istanbul, Turkey"]
[Date "2003.06.04"]
[EventDate "2003.06.02"]
[Round "3"]
[Result "1-0"]
[White "Antoaneta Stefanova"]
[Black "Maria Kouvatsou"]
[WhiteElo "2550"]
[BlackElo "2233"]
[PlyCount "34"]

1. d4 Nf6 2. Bg5 Ne4 3. Bf4 d5 4. e3 c5 5. Bd3 cxd4 6. exd4 g6
7. Bxe4 dxe4 8. Nc3 Bg7 9. Nge2 Bf5 10. Qd2 Nc6 11. O-O-O Qa5
12. a3 h5 13. Be3 O-O-O 14. d5 Ne5 15. Nd4 Ng4 16. Qe2 e5
17. Nxf5 gxf5 1-0

[Event "EU-ch 4th, Women"]
[Site "Istanbul, Turkey"]
[Date "2003.06.05"]
[EventDate "2003.06.02"]
[Round "4"]
[Result "0-1"]
[White "Maia Lomineishvili"]
[Black "Antoaneta Stefanova"]
[WhiteElo "2397"]
[BlackElo "2550"]
[PlyCount "64"]

1. d4 d5 2. c4 c6 3. Nf3 Nf6 4. e3 Bf5 5. Nc3 a6 6. Be2 e6
7. Qb3 b5 8. cxb5 cxb5 9. Bd2 Bd6 10. O-O O-O 11. Rfc1 Nbd7
12. a3 Nb6 13. Na2 Nc4 14. Bb4 Ne4 15. Bxd6 Nexd6 16. Nb4 a5
17. Nd3 a4 18. Qa2 Bxd3 19. Bxd3 Na5 20. Bc2 Ndc4 21. b3 axb3
22. Bxb3 Qd6 23. a4 b4 24. Rd1 Rfc8 25. Nd2 Rc7 26. g3 Rac8
27. Kg2 h5 28. Nf3 Na3 29. Rd3 Qa6 30. Rad1 Rc3 31. Rxc3 Rxc3
32. Bxd5 Rc2 0-1

[Event "EU-ch 4th, Women"]
[Site "Istanbul, Turkey"]
[Date "2003.06.10"]
[EventDate "2003.06.02"]
[Round "7"]
[Result "0-1"]
[White "Marie Sebag"]
[Black "Antoaneta Stefanova"]
[WhiteElo "2394"]
[BlackElo "2550"]
[PlyCount "122"]

1. e4 e5 2. Bc4 Nf6 3. d3 c6 4. Nf3 d5 5. Bb3 a5 6. a3 Bd6
7. exd5 Nxd5 8. O-O O-O 9. Re1 Nd7 10. Nbd2 Re8 11. Ne4 Bf8
12. Ng3 g6 13. d4 exd4 14. Rxe8 Qxe8 15. Bxd5 cxd5 16. Qxd4
Qe6 17. Bd2 Bg7 18. Qh4 Nf8 19. Re1 Qc6 20. Bh6 Bf6 21. Re8
Bg7 22. Bxg7 Qxe8 23. Qh6 Ne6 24. Bf6 Qf8 25. Qh4 Ra6 26. Bc3
Qd8 27. Bf6 Qf8 28. Bc3 Rc6 29. Ne2 Rc4 30. Qf6 Ng7 31. h3 Rc6
32. Qd4 Be6 33. Ne5 Ra6 34. Ng4 Bxg4 35. hxg4 Re6 36. Ng3 f6
37. Qxd5 Qd6 38. Qf3 Qc6 39. Qd3 b6 40. f3 Qd6 41. Qxd6 Rxd6
42. Kf2 Ne8 43. Ne4 Rc6 44. Ke3 Kf7 45. Kd3 h6 46. Bd4 f5
47. gxf5 gxf5 48. Ng3 Nd6 49. Ne2 Nb5 50. Be3 Rd6+ 51. Kc4 Na7
52. Nf4 Rc6+ 53. Kd3 Nc8 54. b3 b5 55. Ne2 Ne7 56. Nd4 Rg6
57. Nxb5 h5 58. Nd4 Rxg2 59. Ne2 Ng6 60. Bd2 h4 61. Be1 h3 0-1

[Event "EU-ch 4th, Women"]
[Site "Istanbul, Turkey"]
[Date "2003.06.11"]
[EventDate "2003.06.02"]
[Round "8"]
[Result "1/2-1/2"]
[White "Antoaneta Stefanova"]
[Black "Alisa Galliamova"]
[WhiteElo "2550"]
[BlackElo "2489"]
[PlyCount "68"]

1. c4 e5 2. g3 c5 3. Bg2 Nc6 4. Nc3 g6 5. a3 a5 6. e3 Bg7
7. Nge2 Nge7 8. d4 cxd4 9. exd4 exd4 10. Nb5 O-O 11. O-O d5
12. cxd5 Nxd5 13. Nexd4 Nxd4 14. Nxd4 Nb6 15. Nb5 Qxd1
16. Rxd1 Nc4 17. Bd5 Nxb2 18. Bxb2 Bxb2 19. Rab1 Be5 20. Re1
Bb8 21. Rbc1 Ra6 22. Re7 Rf6 23. Bxb7 Re6 24. Rxe6 Bxe6
25. Nd4 Bg4 26. Nc6 a4 27. Rc4 Bd1 28. Rd4 Bc2 29. Nxb8 Rxb8
30. Bc6 Rb1+ 31. Kg2 Ra1 32. Bxa4 Bf5 33. g4 Bb1 34. h4 Rxa3
1/2-1/2

[Event "EU-ch 4th, Women"]
[Site "Istanbul, Turkey"]
[Date "2003.06.12"]
[EventDate "2003.06.02"]
[Round "9"]
[Result "1-0"]
[White "Tatiana Kosintseva"]
[Black "Antoaneta Stefanova"]
[WhiteElo "2457"]
[BlackElo "2550"]
[PlyCount "109"]

1. e4 e5 2. Nf3 Nc6 3. d4 exd4 4. Nxd4 Bc5 5. Nxc6 Qf6 6. Qd2
bxc6 7. Bd3 d6 8. O-O Ne7 9. Nc3 a6 10. Na4 Ba7 11. Qa5 O-O
12. Bg5 Qe6 13. Qxc7 Ng6 14. Kh1 Qg4 15. Be3 Bb8 16. Qxc6 d5
17. f3 Qh4 18. f4 Be6 19. Qxa8 Bxf4 20. Qxf8+ Kxf8 21. Bxf4
Nxf4 22. g3 Qd8 23. Rxf4 g5 24. Rff1 dxe4 25. Bxe4 Qd4 26. Nc3
Kg7 27. Bg2 h5 28. Rae1 h4 29. gxh4 gxh4 30. Re4 Qd8 31. h3
Qd2 32. Re2 Qd7 33. Ref2 Qd4 34. Nd1 Qb6 35. b3 a5 36. c4 a4
37. Rf3 Qb4 38. Ne3 Kg8 39. Nf5 Qa3 40. Nd4 Qxa2 41. Nxe6 fxe6
42. bxa4 Qxc4 43. Rf4 Qc3 44. Rg4+ Kh7 45. Be4+ Kh6 46. Rxh4+
Kg5 47. Rg4+ Kh6 48. Bg2 Kh5 49. Bf3 Kh6 50. Kg2 Qc7 51. Be4
Qe5 52. Rf6+ Kh5 53. Bg6+ Kh6 54. Bf7+ Kh7 55. Bg8+ 1-0

[Event "EU-ch 4th, Women"]
[Site "Istanbul, Turkey"]
[Date "2003.06.13"]
[EventDate "2003.06.02"]
[Round "10"]
[Result "1-0"]
[White "Antoaneta Stefanova"]
[Black "Ekaterina Polovnikova-Atalik"]
[WhiteElo "2550"]
[BlackElo "2383"]
[PlyCount "71"]

1. c4 e5 2. g3 Nf6 3. Bg2 Nc6 4. Nc3 Bb4 5. Nd5 Bc5 6. e3 d6
7. Ne2 Bg4 8. h3 Bxe2 9. Qxe2 O-O 10. a3 Nxd5 11. Bxd5 a5
12. b3 Qd7 13. Bb2 Rae8 14. Qg4 Qd8 15. O-O Ne7 16. Bg2 f5
17. Qd1 c6 18. d4 exd4 19. exd4 Bb6 20. d5 f4 21. g4 Ng6
22. dxc6 f3 23. Bxf3 Nf4 24. Bc1 Nxh3+ 25. Kg2 Nxf2 26. Qd5+
Kh8 27. Bg5 Qc8 28. cxb7 Qd7 29. Qc6 Qf7 30. Bh4 d5 31. Qxd5
Qf4 32. Bxf2 Bc7 33. Rh1 h6 34. Rae1 Rxe1 35. Bxe1 Re8 36. Bf2
1-0

[Event "EU-ch 4th, Women"]
[Site "Istanbul, Turkey"]
[Date "2003.06.14"]
[EventDate "2003.06.02"]
[Round "11"]
[Result "1/2-1/2"]
[White "Ketino Kachiani-Gersinska"]
[Black "Antoaneta Stefanova"]
[WhiteElo "2444"]
[BlackElo "2550"]
[PlyCount "49"]

1. d4 d5 2. c4 c6 3. Nf3 Nf6 4. e3 e6 5. Bd3 Nbd7 6. O-O Bd6
7. Nbd2 O-O 8. e4 Bf4 9. Re1 dxe4 10. Nxe4 Bxc1 11. Qxc1 c5
12. Rd1 Qc7 13. Nxf6+ Nxf6 14. dxc5 Qxc5 15. Ng5 Qe5 16. Re1
Qc7 17. h3 h6 18. Ne4 Nd7 19. Qe3 b6 20. Rad1 Bb7 21. Nd6 Bc6
22. Be4 Nf6 23. Nb5 Qb7 24. Nd6 Qc7 25. Nb5 1/2-1/2

[Event "European Club Cup (Women)"]
[Site "Rethymnon, Crete"]
[Date "2003.09.28"]
[EventDate "2003.09.30"]
[Round "1.32"]
[Result "1-0"]
[White "Marie Sebag"]
[Black "Antoaneta Stefanova"]
[WhiteElo "2432"]
[BlackElo "2503"]
[PlyCount "107"]

1. e4 e5 2. Bc4 Nf6 3. d3 c6 4. Nf3 Be7 5. Bb3 O-O 6. O-O d6
7. Re1 Nbd7 8. c3 Re8 9. d4 h6 10. Nbd2 Bf8 11. Bc2 g6 12. Nf1
Bg7 13. Ng3 Nh7 14. Be3 Ng5 15. Nxg5 hxg5 16. Qd2 Bf6 17. Rad1
Kg7 18. f3 Rh8 19. Nh1 Nb6 20. Bb3 Qe7 21. Nf2 c5 22. h3 cxd4
23. cxd4 exd4 24. Bxd4 Be5 25. Qc3 f6 26. Nd3 Bxd4+ 27. Qxd4
Be6 28. Nb4 Bxb3 29. axb3 Rhd8 30. Nd5 Qe5 31. Nc7 Qxd4+
32. Rxd4 Kf7 33. Nxa8 Nxa8 34. Ra1 a6 35. Rb4 Rd7 36. Rc1 b5
37. Rc6 Nc7 38. Rd4 Ke7 39. b4 Ke6 40. Rd3 Ke5 41. Rdc3 Ne6
42. Rxa6 Nd4 43. Kf2 f5 44. Ra8 fxe4 45. Re8+ Ne6 46. fxe4
Rf7+ 47. Ke2 g4 48. Rd3 gxh3 49. gxh3 Rf6 50. Rf3 g5 51. Rxf6
Kxf6 52. Ke3 Nf4 53. Rf8+ Ke7 54. Rxf4 1-0

[Event "European Club Cup (Women)"]
[Site "Rethymnon, Crete"]
[Date "2003.09.29"]
[EventDate "2003.09.30"]
[Round "2.42"]
[Result "1-0"]
[White "Antoaneta Stefanova"]
[Black "Alexandra Stiri"]
[WhiteElo "2503"]
[BlackElo "2172"]
[PlyCount "81"]

1. d4 Nf6 2. Nf3 e6 3. g3 c5 4. Bg2 Qc7 5. O-O a6 6. c4 cxd4
7. Qxd4 Nc6 8. Qh4 Be7 9. Nc3 d6 10. Bg5 h6 11. Rac1 O-O
12. Bxf6 Bxf6 13. Qf4 Ne5 14. b3 Bd7 15. Rfd1 Rac8 16. Ne4
Nxf3+ 17. exf3 Bb2 18. Rb1 e5 19. Qh4 Bd4 20. g4 f5 21. gxf5
Bxf5 22. Rd2 b5 23. Bf1 Qb6 24. Rbd1 Bh7 25. Qg3 Rc7 26. Bh3
Re7 27. Nxd6 Qxd6 28. Rxd4 Qxd4 29. Rxd4 exd4 30. Qd6 Re1+
31. Kg2 Rfe8 32. Qxd4 R1e5 33. Bd7 Rg5+ 34. Kf1 Rf8 35. c5 Bf5
36. h4 Rh5 37. c6 Bxd7 38. cxd7 Rd8 39. Qb6 Rxd7 40. Qe6+ Rf7
41. Qe8+ 1-0

[Event "European Club Cup (Women)"]
[Site "Rethymnon, Crete"]
[Date "2003.09.30"]
[EventDate "2003.09.30"]
[Round "3.22"]
[Result "1-0"]
[White "Antoaneta Stefanova"]
[Black "Maia Lomineishvili"]
[WhiteElo "2503"]
[BlackElo "2409"]
[PlyCount "99"]

1. d4 Nf6 2. Bg5 e6 3. Nd2 h6 4. Bh4 c5 5. e3 cxd4 6. exd4 Be7
7. Bd3 b6 8. c3 Bb7 9. Bxf6 Bxf6 10. Ngf3 O-O 11. Qe2 d6
12. O-O-O b5 13. Bxb5 Qa5 14. Kb1 Bd5 15. Bc4 Nd7 16. Nb3 Qc7
17. Bxd5 exd5 18. Qa6 Rfb8 19. Rhe1 Rb6 20. Qd3 a5 21. Re2 a4
22. Nbd2 Rab8 23. Nf1 Rc6 24. Rc1 Nb6 25. Rce1 g6 26. Re8+
Rxe8 27. Rxe8+ Kg7 28. Qa6 Nc4 29. Qxa4 Qb7 30. Re2 Ra6
31. Qd1 Qa7 32. b3 Na3+ 33. Kb2 Bd8 34. Ne3 Qb7 35. Nd2 Ba5
36. Nb1 Nb5 37. Qd3 Bd8 38. Nc2 Ra7 39. Re8 Bf6 40. Re1 Ra8
41. g3 Nc7 42. Nb4 Ne6 43. a3 Ra5 44. h4 h5 45. f4 Nc7 46. f5
Nb5 47. fxg6 fxg6 48. Re6 Qd7 49. Re2 Qa7 50. Nc6 1-0

[Event "European Club Cup (Women)"]
[Site "Rethymnon, Crete"]
[Date "2003.10.04"]
[EventDate "2003.09.30"]
[Round "7.41"]
[Result "1-0"]
[White "Antoaneta Stefanova"]
[Black "Masha Klinova"]
[WhiteElo "2503"]
[BlackElo "2388"]
[PlyCount "83"]

1. d4 Nf6 2. Bg5 d6 3. Bxf6 exf6 4. c4 g6 5. Nc3 Bg7 6. e3 Nd7
7. g3 f5 8. Bg2 c6 9. Nge2 O-O 10. Qd3 Nf6 11. O-O Re8 12. b4
Qe7 13. a4 a5 14. b5 Qc7 15. Rab1 Bd7 16. Rb3 Bf8 17. Rfb1
Rec8 18. bxc6 bxc6 19. Rb7 Qd8 20. R1b6 Rc7 21. Qb1 Rxb7
22. Rxb7 Be7 23. Qb6 Qxb6 24. Rxb6 Bd8 25. Bxc6 Bxb6 26. Bxa8
Kf8 27. Bb7 Ke7 28. Nf4 Kd8 29. h4 Be6 30. Ba6 h6 31. Bb5 Ba7
32. Kf1 g5 33. Nfe2 Ne4 34. Nb1 Kc7 35. hxg5 hxg5 36. f3 Nf6
37. Nd2 Bc8 38. Nb3 Bb6 39. Kf2 Bb7 40. d5 Bc8 41. Ned4 Kd8
42. Nxa5 1-0

[Event "EuTCh w"]
[Site "Plovdiv BUL"]
[Date "2003.10.12"]
[EventDate "2003.10.10"]
[Round "2"]
[Result "1/2-1/2"]
[White "Almira Skripchenko"]
[Black "Antoaneta Stefanova"]
[WhiteElo "2460"]
[BlackElo "2497"]
[PlyCount "29"]

1. e4 e5 2. Nf3 Nc6 3. Bb5 a6 4. Bxc6 dxc6 5. O-O f6 6. d4
exd4 7. Nxd4 c5 8. Nb3 Qxd1 9. Rxd1 Bg4 10. f3 Bd7 11. Bf4
O-O-O 12. Nc3 c4 13. Na5 Bc5+ 14. Kh1 b5 15. Nd5 1/2-1/2

[Event "Wijk aan Zee B Group"]
[Site "Wijk aan Zee NED"]
[Date "2004.01.11"]
[EventDate "2004.01.10"]
[Round "2"]
[Result "1-0"]
[White "Arkadij Naiditsch"]
[Black "Antoaneta Stefanova"]
[WhiteElo "2576"]
[BlackElo "2478"]
[PlyCount "83"]

1. e4 e5 2. Nf3 Nc6 3. Bb5 a6 4. Ba4 Nf6 5. O-O b5 6. Bb3 Bb7
7. d3 Bd6 8. a3 O-O 9. Nc3 h6 10. Re1 Re8 11. Bd2 Bf8 12. Nd5
d6 13. c4 Nb8 14. Ba5 Nxd5 15. cxd5 Qd7 16. Ba2 Be7 17. d4 Bd8
18. dxe5 dxe5 19. Rc1 Qd6 20. b4 Nd7 21. a4 Nb6 22. axb5 axb5
23. Bb3 Rc8 24. Qe2 c6 25. dxc6 Bxc6 26. h3 Nd7 27. Red1 Qf6
28. Rc2 Bxa5 29. bxa5 Nb8 30. Rdc1 Rcd8 31. a6 Ba8 32. Rc7 Rf8
33. a7 Na6 34. R7c3 Rd7 35. Rc8 Rdd8 36. Rxd8 Rxd8 37. Qxb5
Bxe4 38. Qxe5 Bxf3 39. Qxf6 gxf6 40. gxf3 Ra8 41. Ra1 Nc7
42. Ra5 1-0

[Event "Wijk aan Zee B Group"]
[Site "Wijk aan Zee NED"]
[Date "2004.01.17"]
[EventDate "2004.01.10"]
[Round "6"]
[Result "1-0"]
[White "Julio Ernesto Granda Zuniga"]
[Black "Antoaneta Stefanova"]
[WhiteElo "2581"]
[BlackElo "2478"]
[PlyCount "85"]

1. e4 e5 2. Nf3 Nc6 3. Bb5 a6 4. Ba4 Nf6 5. O-O b5 6. Bb3 Bb7
7. Re1 Bc5 8. c3 O-O 9. d4 Bb6 10. dxe5 Ng4 11. Re2 Ncxe5
12. Nxe5 Nxe5 13. Be3 Bxe3 14. Rxe3 Qh4 15. Qe2 Rae8 16. Nd2
c5 17. Nf1 c4 18. Bc2 Re6 19. Rd1 Rg6 20. Rg3 Re8 21. Rd4 Bc6
22. Qd2 Rxg3 23. hxg3 Qh5 24. f3 f5 25. f4 Nf7 26. e5 d6
27. g4 Qh4 28. gxf5 dxe5 29. fxe5 Qe7 30. e6 Ng5 31. Qf4 h6
32. Ne3 Qb7 33. Qg3 a5 34. Kh2 Qa8 35. Ng4 Rf8 36. Ne5 Be4
37. Bxe4 Nxe4 38. Qf4 Nf6 39. Nd7 Nxd7 40. Rxd7 Qe8 41. Qg4 g5
42. Qd4 Qh5+ 43. Kg1 1-0

[Event "Wijk aan Zee B Group"]
[Site "Wijk aan Zee NED"]
[Date "2004.01.18"]
[EventDate "2004.01.10"]
[Round "7"]
[Result "1-0"]
[White "Antoaneta Stefanova"]
[Black "Lazaro Bruzon Batista"]
[WhiteElo "2478"]
[BlackElo "2603"]
[PlyCount "80"]

1. c4 e6 2. g3 Nf6 3. Bg2 d5 4. Nf3 dxc4 5. O-O Nbd7 6. Na3
Bxa3 7. bxa3 Nb6 8. a4 Bd7 9. a5 Ba4 10. Qe1 Nbd7 11. Rb1 c5
12. Rxb7 Bc6 13. Rb1 Be4 14. Ra1 Rb8 15. Ba3 Qxa5 16. Qc1 Qb5
17. Nh4 O-O 18. Bxe4 Nxe4 19. Qc2 f5 20. f3 Nd6 21. Ng2 Rb6
22. Nf4 Re8 23. e4 fxe4 24. fxe4 Qc6 25. Rae1 Nb5 26. Bc1 Ne5
27. Qd1 g6 28. Nh5 Rd8 29. Nf6+ Kh8 30. Ng4 Nd3 31. Nh6 Re8
32. Re3 e5 33. Qg4 Qe6 34. Qg5 Nd6 35. Ref3 Nxe4 36. Qh4 Nd6
37. Nf7+ Kg8 38. Ng5 Qe7 39. Rf7 Qxf7 40. Rxf7 h5 1-0

[Event "Wijk aan Zee B Group"]
[Site "Wijk aan Zee NED"]
[Date "2004.01.19"]
[EventDate "2004.01.10"]
[Round "8"]
[Result "1-0"]
[White "Sergei Tiviakov"]
[Black "Antoaneta Stefanova"]
[WhiteElo "2600"]
[BlackElo "2478"]
[PlyCount "75"]

1. e4 e5 2. Bc4 Nf6 3. d3 c6 4. Nf3 d5 5. Bb3 Bd6 6. exd5 Nxd5
7. O-O O-O 8. Re1 Nd7 9. d4 exd4 10. Bxd5 cxd5 11. Qxd4 Bc5
12. Qxd5 Qb6 13. Re2 Nf6 14. Qb3 Qa6 15. Nc3 Be6 16. Qa4 Qb6
17. Qh4 Rac8 18. h3 Rfe8 19. a3 Be7 20. Qf4 Bd6 21. Qd2 Red8
22. Qe1 Bc4 23. Rd2 Re8 24. Qd1 Bf8 25. Nd4 Ne4 26. Nxe4 Rxe4
27. b3 Rce8 28. Bb2 Qh6 29. Bc3 Ba6 30. Nf5 Qg5 31. Rd5 Qg6
32. Ng3 R4e6 33. Qd2 h6 34. Bb4 b6 35. Bxf8 Kxf8 36. Rd7 h5
37. Rxa7 Bb5 38. Qb4+ 1-0

[Event "Wijk aan Zee B Group"]
[Site "Wijk aan Zee NED"]
[Date "2004.01.20"]
[EventDate "2004.01.10"]
[Round "9"]
[Result "1/2-1/2"]
[White "Antoaneta Stefanova"]
[Black "Laurent Fressinet"]
[WhiteElo "2478"]
[BlackElo "2636"]
[PlyCount "84"]

1. d4 d5 2. c4 e6 3. Nf3 Nf6 4. g3 dxc4 5. Qa4+ c6 6. Qxc4 b5
7. Qd3 Bb7 8. Bg2 Nbd7 9. Bg5 Qb6 10. Nc3 a6 11. O-O Be7
12. e4 h6 13. Be3 c5 14. a3 Ng4 15. dxc5 Nxc5 16. Qd4 O-O
17. b4 Nxe3 18. Qxe3 Nd7 19. Nd4 Bf6 20. Rad1 Ne5 21. Nf5 Qxe3
22. Nxe3 Rfd8 23. Nb1 Nc6 24. f4 Bd4 25. Kf2 Bb6 26. e5 Rab8
27. Bxc6 Bxc6 28. Ke2 Rbc8 29. Rxd8+ Rxd8 30. Nd2 Rc8 31. Nb3
Kf8 32. Rc1 Ke7 33. Rc2 h5 34. Nc5 a5 35. Ne4 axb4 36. axb4
Rc7 37. Nd6 f6 38. Kd3 Kd7 39. Ra2 fxe5 40. fxe5 Ra7 41. Rxa7+
Bxa7 42. Ne4 Bxe4+ 1/2-1/2

[Event "Wijk aan Zee B Group"]
[Site "Wijk aan Zee NED"]
[Date "2004.01.22"]
[EventDate "2004.01.10"]
[Round "10"]
[Result "1-0"]
[White "Antoaneta Stefanova"]
[Black "Daniel Stellwagen"]
[WhiteElo "2478"]
[BlackElo "2489"]
[PlyCount "71"]

1. d4 Nf6 2. Bg5 c5 3. d5 Ne4 4. Bf4 Qb6 5. Bc1 g6 6. f3 Nd6
7. e4 Bg7 8. Nc3 O-O 9. Nh3 f5 10. exf5 Nxf5 11. Ne4 Na6
12. c3 Nc7 13. a4 Ne8 14. Be2 Nf6 15. O-O d6 16. Bc4 Bd7
17. Qe2 Rae8 18. Neg5 e5 19. dxe6 d5 20. Qd1 Bc6 21. a5 Qc7
22. Bd3 h6 23. Bxf5 gxf5 24. Nf7 Rxf7 25. exf7+ Qxf7 26. Re1
d4 27. cxd4 cxd4 28. Nf4 Kh7 29. Bd2 Rg8 30. Qe2 Nd7 31. Qe7
Rf8 32. a6 b6 33. Qd6 Nb8 34. Re7 Qf6 35. Qxf6 Rxf6 36. Rxa7
1-0

[Event "Wijk aan Zee B Group"]
[Site "Wijk aan Zee NED"]
[Date "2004.01.23"]
[EventDate "2004.01.10"]
[Round "11"]
[Result "1/2-1/2"]
[White "Hikaru Nakamura"]
[Black "Antoaneta Stefanova"]
[WhiteElo "2571"]
[BlackElo "2478"]
[PlyCount "114"]

1. c4 Nf6 2. Nc3 e5 3. g3 Bb4 4. Qb3 Nc6 5. Nd5 Bc5 6. Bg2
Nxd5 7. cxd5 Qf6 8. e3 Ne7 9. Ne2 c6 10. O-O O-O 11. f4 Bb6
12. fxe5 Qxe5 13. d4 Qh5 14. Nf4 Qh6 15. a4 d6 16. a5 Bd8
17. Bd2 g5 18. dxc6 bxc6 19. Nd3 Bh3 20. Nf2 Bxg2 21. Kxg2 Qe6
22. Qxe6 fxe6 23. Ne4 Nf5 24. Rac1 Rc8 25. h4 Bxa5 26. Bxa5
Nxe3+ 27. Kg1 Rxf1+ 28. Rxf1 Nxf1 29. Kxf1 gxh4 30. Nxd6 Rb8
31. Bc3 hxg3 32. Kg2 Kf8 33. Kxg3 Ke7 34. Ne4 Rg8+ 35. Kf3 Rg1
36. Bb4+ Kf7 37. Bc5 a5 38. d5 Rf1+ 39. Kg2 Rb1 40. Nd6+ Ke7
41. Nc4+ Kd7 42. d6 e5 43. Ba3 Ke6 44. Nxa5 c5 45. Nb7 h5
46. Kg3 Kd7 47. Kh4 Kc6 48. Nxc5 Rh1+ 49. Kg5 Kxd6 50. Ne4+
Kd5 51. Nf6+ Kd4 52. Nxh5 Kd3 53. Bc5 e4 54. Nf4+ Kc4 55. b4
e3 56. Kg4 Rf1 57. Kg3 Rxf4 1/2-1/2

[Event "Wijk aan Zee B Group"]
[Site "Wijk aan Zee NED"]
[Date "2004.01.24"]
[EventDate "2004.01.10"]
[Round "12"]
[Result "1/2-1/2"]
[White "Antoaneta Stefanova"]
[Black "Hichem Hamdouchi"]
[WhiteElo "2478"]
[BlackElo "2588"]
[PlyCount "26"]

1. c4 c6 2. e4 e5 3. Nf3 d6 4. d4 Nd7 5. Nc3 Ngf6 6. Be2 Be7
7. O-O O-O 8. Qc2 Re8 9. Rd1 Qc7 10. Bg5 h6 11. Bh4 Nh7
12. Bxe7 Rxe7 13. Qd2 Nhf6 1/2-1/2

[Event "Wijk aan Zee B Group"]
[Site "Wijk aan Zee NED"]
[Date "2004.01.25"]
[EventDate "2004.01.10"]
[Round "13"]
[Result "0-1"]
[White "John van der Wiel"]
[Black "Antoaneta Stefanova"]
[WhiteElo "2542"]
[BlackElo "2478"]
[PlyCount "114"]

1. e4 e5 2. Nf3 Nc6 3. d4 exd4 4. Nxd4 Qf6 5. Nxc6 Bc5 6. Qd2
dxc6 7. Nc3 Bd4 8. Bc4 Nh6 9. h3 Be6 10. Bxe6 fxe6 11. Nd1
O-O-O 12. Qe2 Nf7 13. O-O Rd7 14. c3 Bb6 15. a4 a5 16. Be3
Rhd8 17. Rb1 Qe5 18. Bxb6 cxb6 19. Ne3 Qxe4 20. Qc4 Qg6
21. Qb3 Ne5 22. Kh2 Kc7 23. Rbd1 Rd2 24. Rxd2 Rxd2 25. Qa3 Qf6
26. Kg1 Nd7 27. Ng4 Qf8 28. b4 Qd6 29. Qa1 h5 30. Ne3 Qd3
31. bxa5 bxa5 32. Qa3 g5 33. Qe7 Qxc3 34. Qxg5 Qe5 35. Qh6 Rd4
36. Ra1 Rb4 37. Rd1 Rxa4 38. Nc2 Nc5 39. Qf8 Kb6 40. Ne3 Rb4
41. Qd8+ Qc7 42. Qh8 h4 43. Nc2 Re4 44. Qa8 Nb3 45. Ne3 a4
46. Ng4 Qe7 47. Kh1 Qb4 48. Ne3 Rd4 49. Rb1 Rd2 50. Rf1 Kc7
51. Qg8 a3 52. Qxe6 a2 53. Nc4 Rd5 54. Ne3 Rc5 55. Qe7+ Kb6
56. Qf6 Qd2 57. Qf7 Qc3 0-1